00303nam a2200133Ia 4500008004100000020001800041041000800059082001100067100001600078245002700094260002100121300000800142650001900150220524s9999 xx 000 0 und d a9783836565578 aeng a746.92 aSteele , V. aFashion Designers A-Z. bTaschen.--c2018 a587 aFashion Design